Liptovská Teplička

Zobrazenie: Pohľad na strechy budov a dreveníc zhora

Bibliographic Details
Other Authors: Fuchs, Václav (fotograf) (Photographer)
Format: Photo
Language:Slovak
Published: Praha Svépomoc 1971
Subjects:

MARC

LEADER 00000ckm a2200000 a 4500
001 vtls011770838
003 SK-MaSNL
005 20260331211614.0
007 kf bo
008 230718s1971 xr 000 g k|slo
015 |a SNBG1971 
035 |a urn:nbn:sk:snk-km00dn91 
035 |a urn:nbn:sk:snk-km3m00i 
035 |a E05785FC-8CFF-41E5-BF8B-D33D08E3CE9F 
040 |a SNK  |b slo  |c SNK  |e AACR2 
041 0 |a slo 
043 |a e-xo--- 
044 |a xr  |c CZ 
072 7 |a 913  |x Regionálna geografia  |2 konspekt 
080 |a 913(437.6)  |2 2011 
080 |a (084.121)  |2 2011 
100 1 |a Fuchs, Václav  |c (fotograf)  |4 pht  |9 353710 
245 1 0 |a Liptovská Teplička  |h grafika  |c foto: V. Fuchs 
260 |a Praha  |b Svépomoc  |c 1971 
300 |a 1 pohľadnica  |b čiernobiela  |c 11 x 15 cm 
520 8 |a Zobrazenie: Pohľad na strechy budov a dreveníc zhora 
651 7 |a Liptovská Teplička (Slovensko)  |2 SNKPHgeo  |9 20039 
655 7 |a miestne pohľadnice  |2 SNKPH  |9 70510 
852 |a Slovenská národná knižnica 
954 |a pohľadnice cudzojazyčné (svetové)  |2 lita 
958 |a GBN 
958 |a TL 
958 |a GC 
958 |a OND 
958 |a EUIPO 
999 |c 598613  |d 600543 
952 |a SNK  |b SNK  |y PREZ  |7 0  |p 17A1243244  |o snkSP 53859  |0 0  |1 0  |4 0  |d 2018-08-06  |f 1  |l 0  |r 2026-02-23 15:46:45  |w 2026-02-23